Mode 3 Knowledge Production in Quadruple Helix Innovation Systems 21st-Century Democracy, Innovation, and Entrepreneurship for Development /

Developed and developing economies alike face increased resource scarcity and competitive rivalry. In this context, science and technology appear as an essential source of competitive and sustainable advantage at national and regional levels. However, the key determinant of their efficacy is the qua...

Πλήρης περιγραφή

Λεπτομέρειες βιβλιογραφικής εγγραφής
Κύριοι συγγραφείς: Carayannis, Elias G. (Συγγραφέας), Campbell, David F.J (Συγγραφέας)
Συγγραφή απο Οργανισμό/Αρχή: SpringerLink (Online service)
Μορφή: Ηλεκτρονική πηγή Ηλ. βιβλίο
Γλώσσα:English
Έκδοση: New York, NY : Springer New York, 2012.
Σειρά:SpringerBriefs in Business ; 7
Θέματα:
Διαθέσιμο Online:Full Text via HEAL-Link
LEADER 02892nam a22004455i 4500
001 978-1-4614-2062-0
003 DE-He213
005 20151204164744.0
007 cr nn 008mamaa
008 111130s2012 xxu| s |||| 0|eng d
020 |a 9781461420620  |9 978-1-4614-2062-0 
024 7 |a 10.1007/978-1-4614-2062-0  |2 doi 
040 |d GrThAP 
050 4 |a HF4999.2-6182 
050 4 |a HD28-70 
072 7 |a KJ  |2 bicssc 
072 7 |a BUS042000  |2 bisacsh 
082 0 4 |a 650  |2 23 
100 1 |a Carayannis, Elias G.  |e author. 
245 1 0 |a Mode 3 Knowledge Production in Quadruple Helix Innovation Systems  |h [electronic resource] :  |b 21st-Century Democracy, Innovation, and Entrepreneurship for Development /  |c by Elias G. Carayannis, David F.J. Campbell. 
264 1 |a New York, NY :  |b Springer New York,  |c 2012. 
300 |a VI, 63 p. 13 illus.  |b online resource. 
336 |a text  |b txt  |2 rdacontent 
337 |a computer  |b c  |2 rdamedia 
338 |a online resource  |b cr  |2 rdacarrier 
347 |a text file  |b PDF  |2 rda 
490 1 |a SpringerBriefs in Business ;  |v 7 
520 |a Developed and developing economies alike face increased resource scarcity and competitive rivalry. In this context, science and technology appear as an essential source of competitive and sustainable advantage at national and regional levels. However, the key determinant of their efficacy is the quality and quantity of entrepreneurship-enabled innovation that unlocks and captures the benefits of the science enterprise in the form of private, public or hybrid goods.  Linking basic and applied research with the market, via technology transfer and commercialization mechanisms, including government-university-industry partnerships and capital investments, constitutes the essential trigger mechanism and driving force of sustainable competitive advantage and prosperity.  In this volume, the authors define the terms and principles of knowledge creation, diffusion, and use, and establish a theoretical framework for their study.  In particular, they focus on the “Quadruple Helix” model, through which government, academia, industry, and civil society are seen as key actors promoting a democratic approach to innovation through which strategy development and decision making are exposed to feedback from key stakeholders, resulting in socially accountable policies and practices. . 
650 0 |a Business. 
650 0 |a Management science. 
650 1 4 |a Business and Management. 
650 2 4 |a Business and Management, general. 
700 1 |a Campbell, David F.J.  |e author. 
710 2 |a SpringerLink (Online service) 
773 0 |t Springer eBooks 
776 0 8 |i Printed edition:  |z 9781461420613 
830 0 |a SpringerBriefs in Business ;  |v 7 
856 4 0 |u http://dx.doi.org/10.1007/978-1-4614-2062-0  |z Full Text via HEAL-Link 
912 |a ZDB-2-SBE 
950 |a Business and Economics (Springer-11643)